000 00534nam a2200193Ia 4500
005 20250923144807.0
008 008 250917s9999 xx 000 0 eng d
037 _aTextual
040 _aDSWL
_beng
_cDSWL
041 _aeng
_2eng
084 _aY172.2z7, K0
_qDSWL
245 0 _aIndian anthropology in Action
_cEd. by L.P. Vidyarthi
260 _aRanchi
_bDepartmentof Anthropology
_c1960
300 _avi,144p.
365 _aINR
_b8
925 _g8
942 _cTEXL
_hY172.2z7, K0
999 _c1443418
_d1443418